Fruit Producing Countries Quiz Stats

 Plays Quiz Updated May 21, 2018

Support Sporcle.
Go Orange.
Score 0/125 Timer 05:00
2 Plays Today
Fruit Country % Correct
ApplesUnited States
98.6%
OrangesUnited States
98.6%
GrapesUnited States
98.6%
CherriesUnited States
98.6%
AvocadosUnited States
98.6%
CantaloupesUnited States
98.6%
Peaches & NectarinesUnited States
98.6%
PearsUnited States
98.6%
Grapefruit & PomelosUnited States
98.6%
PlumsUnited States
98.6%
RaspberriesUnited States
98.6%
StrawberriesUnited States
98.6%
WatermelonsUnited States
98.6%
ApplesChina
94.7%
BananasChina
94.7%
PersimmonsChina
94.7%
MangoesChina
94.7%
PineapplesChina
94.7%
GrapesChina
94.7%
WatermelonsChina
94.7%
CantaloupesChina
94.7%
Peaches & NectarinesChina
94.7%
PearsChina
94.7%
Grapefruit & PomelosChina
94.7%
PlumsChina
94.7%
AvocadosMexico
94%
OrangesMexico
94%
MangoesMexico
94%
Lemons & LimesMexico
94%
PapayasMexico
94%
Grapefruit & PomelosMexico
94%
OrangesBrazil
93.6%
PersimmonsBrazil
93.6%
BananasBrazil
93.6%
PineapplesBrazil
93.6%
AvocadosBrazil
93.6%
CoconutsBrazil
93.6%
Lemons & LimesBrazil
93.6%
PapayasBrazil
93.6%
GrapesFrance
91.6%
ApricotsFrance
91.6%
Kiwi FruitFrance
91.6%
Fruit Country % Correct
GrapesSpain
87.8%
StrawberriesSpain
87.8%
CantaloupesSpain
87.8%
Peaches & NectarinesSpain
87.8%
PearsSpain
87.8%
OrangesItaly
87.3%
ApplesItaly
87.3%
PersimmonsItaly
87.3%
GrapesItaly
87.3%
ApricotsItaly
87.3%
Kiwi FruitItaly
87.3%
Peaches & NectarinesItaly
87.3%
PearsItaly
87.3%
RaspberriesRussia
86.5%
CherriesRussia
86.5%
StrawberriesRussia
86.5%
CurrantsRussia
86.5%
OrangesIndia
85.6%
BananasIndia
85.6%
MangoesIndia
85.6%
PineapplesIndia
85.6%
CoconutsIndia
85.6%
Lemons & LimesIndia
85.6%
PapayasIndia
85.6%
CherriesGermany
85%
CurrantsGermany
85%
PlumsGermany
85%
Lemons & LimesArgentina
85%
PearsArgentina
85%
PersimmonsJapan
84%
StrawberriesJapan
84%
Kiwi FruitChile
78.3%
WatermelonsEgypt
72.9%
DatesEgypt
72.9%
ApplesIran
70.3%
CherriesIran
70.3%
ApricotsIran
70.3%
WatermelonsIran
70.3%
DatesIran
70.3%
CantaloupesIran
70.3%
Lemons & LimesIran
70.3%
Kiwi FruitGreece
69.7%
Fruit Country % Correct
Peaches & NectarinesGreece
69.7%
ApplesTurkey
68.7%
CherriesTurkey
68.7%
ApricotsTurkey
68.7%
WatermelonsTurkey
68.7%
CantaloupesTurkey
68.7%
Kiwi FruitNew Zealand
67.2%
AvocadosIndonesia
66.2%
CoconutsIndonesia
66.2%
PapayasIndonesia
66.2%
PlantainsColombia
66.1%
AvocadosColombia
66.1%
RaspberriesPoland
60.7%
CurrantsPoland
60.7%
MangoesPakistan
59.5%
ApricotsPakistan
59.5%
DatesPakistan
59.5%
Grapefruit & PomelosCuba
56.8%
MangoesThailand
56.2%
PineapplesThailand
56.2%
PersimmonsSouth Korea
53.1%
StrawberriesSouth Korea
53.1%
RaspberriesUkraine
51.2%
CurrantsUkraine
51.2%
DatesSaudi Arabia
50.8%
Grapefruit & PomelosIsrael
47.9%
BananasPhilippines
47.7%
PineapplesPhilippines
47.7%
CoconutsPhilippines
47.7%
BananasEcuador
46.4%
PlantainsNigeria
45.8%
PapayasNigeria
45.8%
CurrantsAustria
41.8%
PlumsRomania
33.3%
PlantainsGhana
28.3%
CoconutsSri Lanka
28.1%
DatesUnited Arab Emirates
23.1%
RaspberriesSerbia
19.8%
PlumsSerbia
19.8%
PlantainsUganda
17.5%
PlantainsRwanda
11.3%

You're not logged in!

Compare scores with friends on all Sporcle quizzes.
OR
Log In

From the Vault

US Presidents (Redux)

by akabuca96

Apparently, all we know about US Presidents, we learned from The Jeffersons.
Remove Ads.
Support Sporcle.
Get the best of Sporcle when you Go Orange. This ad-free experience offers more features, more stats, and more fun while also helping to support Sporcle. Thank you for becoming a member.

Show Comments

Extras

Top Quizzes Today


Score Distribution

Your Account Isn't Verified!

In order to create a playlist on Sporcle, you need to verify the email address you used during registration. Go to your Sporcle Settings to finish the process.

Report this User

Report this user for behavior that violates our Community Guidelines.

Details: